书目信息 |
| 题名: |
我是传奇
|
|
| 作者: | 肖东坡 主编 | |
| 分册: | ||
| 出版信息: | 北京 当代中国出版社 2009.03 |
|
| 页数: | 262页, [2] 页图版 | |
| 开本: | 26cm | |
| 丛书名: | ||
| 单 册: | ||
| 中图分类: | F323.4 | |
| 科图分类: | ||
| 主题词: | 访谈--中国农业经济--当代 | |
| 电子资源: | ||
| ISBN: | 978-7-80170-795-6 | |
| 000 | 01059nam0 2200217 450 | |
| 001 | 0011160864 | |
| 005 | 20100522162336.85 | |
| 010 | @a978-7-80170-795-6@dCNY29.80 | |
| 100 | @a20100515d2009 em y0chiy0110 ea | |
| 101 | 0 | @achi |
| 102 | @aCN@b110000 | |
| 105 | @aaf z 000zy | |
| 200 | 1 | @a我是传奇@Awo shi chuan qi@f肖东坡主编 |
| 210 | @a北京@c当代中国出版社@d2009.03 | |
| 215 | @a262页, [2] 页图版@c图@d26cm | |
| 330 | @a地球上幸存的最后一个人类并不孤单。本书以充满幻想色彩的画面描绘出成为荒凉之地的纽约曼哈顿奇景。军方病毒学家罗伯特·内维尔不知何故对一种无法治愈且蔓延迅速的病毒免疫,因而成了全纽约甚至可能是全世界的最后一个活人。然而,他可不会清闲。受病毒感染而发生变异的受害者们如魅影般潜伏于黑暗之中……他们观察着内维尔的一举一动……静静等待他犯下致命的错误。内维尔渴望完成一项未完成的任务,这或许是人类的最后一线生机了:用他的免疫之血制造出解毒剂。然而,他知道自己寡不敌众……并且时不待人。 | |
| 606 | 0 | @a访谈@x中国农业经济@z当代 |
| 690 | @aF323.4@v4 | |
| 701 | 0 | @a肖东坡@Axiao dong po@4主编 |
| 801 | 0 | @aCN@c20100515 |
| 905 | @dF323.4@eX291@f3 | |
| 我是传奇/肖东坡主编.-北京:当代中国出版社,2009.03 |
| 262页, [2] 页图版:图;26cm |
| ISBN 978-7-80170-795-6:CNY29.80 |
| 地球上幸存的最后一个人类并不孤单。本书以充满幻想色彩的画面描绘出成为荒凉之地的纽约曼哈顿奇景。军方病毒学家罗伯特·内维尔不知何故对一种无法治愈且蔓延迅速的病毒免疫,因而成了全纽约甚至可能是全世界的最后一个活人。然而,他可不会清闲。受病毒感染而发生变异的受害者们如魅影般潜伏于黑暗之中……他们观察着内维尔的一举一动……静静等待他犯下致命的错误。内维尔渴望完成一项未完成的任务,这或许是人类的最后一线生机了:用他的免疫之血制造出解毒剂。然而,他知道自己寡不敌众……并且时不待人。 |
| ● |
| 相关链接 |
|
|
|
正题名:我是传奇
索取号:F323.4/X291
 
预约/预借
| 序号 | 登录号 | 条形码 | 馆藏地/架位号 | 状态 | 备注 |